<?xml version="1.0" encoding="UTF-8"?>
<record
    xmlns:xsi="http://www.w3.org/2001/XMLSchema-instance"
    xsi:schemaLocation="http://www.loc.gov/MARC21/slim http://www.loc.gov/standards/marcxml/schema/MARC21slim.xsd"
    xmlns="http://www.loc.gov/MARC21/slim">

  <leader>01294nam a22003377a 4500</leader>
  <controlfield tag="003">CSPC</controlfield>
  <controlfield tag="005">20251216125845.0</controlfield>
  <controlfield tag="008">251216c2008    ph  r p  i    00  0 eng d</controlfield>
  <datafield tag="040" ind1=" " ind2=" ">
    <subfield code="a">CSPC</subfield>
    <subfield code="b">eng</subfield>
    <subfield code="c">CSPC</subfield>
    <subfield code="d">rda</subfield>
  </datafield>
  <datafield tag="245" ind1="0" ind2="0">
    <subfield code="a">Philippine journal of nursing.</subfield>
  </datafield>
  <datafield tag="264" ind1=" " ind2=" ">
    <subfield code="a">Western Bicutan, Taguig City :</subfield>
    <subfield code="b">Graphic Exponent Printing Services, </subfield>
    <subfield code="c">2008.</subfield>
  </datafield>
  <datafield tag="300" ind1=" " ind2=" ">
    <subfield code="a">volumes ;</subfield>
    <subfield code="b">illustrations :</subfield>
    <subfield code="c">27 cm.</subfield>
  </datafield>
  <datafield tag="336" ind1=" " ind2=" ">
    <subfield code="2">rdacontent</subfield>
    <subfield code="a">text</subfield>
  </datafield>
  <datafield tag="337" ind1=" " ind2=" ">
    <subfield code="2">rdamedia</subfield>
    <subfield code="a">unmediated</subfield>
  </datafield>
  <datafield tag="338" ind1=" " ind2=" ">
    <subfield code="2">rdacarrier</subfield>
    <subfield code="a">volumes</subfield>
  </datafield>
  <datafield tag="362" ind1=" " ind2=" ">
    <subfield code="a">Volume 78, Number 1</subfield>
  </datafield>
  <datafield tag="362" ind1=" " ind2=" ">
    <subfield code="a">Volume 78, Number 1</subfield>
  </datafield>
  <datafield tag="362" ind1=" " ind2=" ">
    <subfield code="a">Volume 78, Number 1</subfield>
  </datafield>
  <datafield tag="362" ind1=" " ind2=" ">
    <subfield code="a">Volume 78, Number 1</subfield>
  </datafield>
  <datafield tag="362" ind1=" " ind2=" ">
    <subfield code="a">Volume 78, Number 1</subfield>
  </datafield>
  <datafield tag="362" ind1=" " ind2=" ">
    <subfield code="a">Volume 78, Number 1</subfield>
  </datafield>
  <datafield tag="362" ind1=" " ind2=" ">
    <subfield code="a">Volume 78, Number 1</subfield>
  </datafield>
  <datafield tag="490" ind1=" " ind2=" ">
    <subfield code="a">Official Publication of Philippine Nurses Association, Inc.,</subfield>
  </datafield>
  <datafield tag="504" ind1=" " ind2=" ">
    <subfield code="a">Includes bibliographical references</subfield>
  </datafield>
  <datafield tag="521" ind1=" " ind2=" ">
    <subfield code="a">College of Health and Sciences</subfield>
  </datafield>
  <datafield tag="650" ind1=" " ind2=" ">
    <subfield code="a">Health services</subfield>
    <subfield code="x">Periodicals.</subfield>
    <subfield code="z">Philippines</subfield>
  </datafield>
  <datafield tag="650" ind1=" " ind2=" ">
    <subfield code="a">Nursing journals</subfield>
    <subfield code="x">Periodicals.</subfield>
  </datafield>
  <datafield tag="700" ind1="1" ind2=" ">
    <subfield code="a">Palaganas, Erlinda Castro.,</subfield>
    <subfield code="e">editor.</subfield>
  </datafield>
  <datafield tag="942" ind1=" " ind2=" ">
    <subfield code="2">ddc</subfield>
    <subfield code="n">0</subfield>
    <subfield code="c">SERIALS</subfield>
    <subfield code="h">610.7305</subfield>
    <subfield code="i">P538</subfield>
    <subfield code="k">SER</subfield>
    <subfield code="m">2008</subfield>
  </datafield>
  <datafield tag="952" ind1=" " ind2=" ">
    <subfield code="0">0</subfield>
    <subfield code="1">0</subfield>
    <subfield code="2">ddc</subfield>
    <subfield code="4">0</subfield>
    <subfield code="7">1</subfield>
    <subfield code="a">CSPC</subfield>
    <subfield code="b">CSPC</subfield>
    <subfield code="c">SER</subfield>
    <subfield code="d">2025-12-16</subfield>
    <subfield code="h">January/June 2008 Volume 78, Number 1</subfield>
    <subfield code="l">0</subfield>
    <subfield code="o">Ser NUR 40 v.78 n.1 2008</subfield>
    <subfield code="p">01434S</subfield>
    <subfield code="r">2025-12-16 13:01:42</subfield>
    <subfield code="t">1-7</subfield>
    <subfield code="w">2025-12-16</subfield>
    <subfield code="y">SERIALS</subfield>
    <subfield code="z">Journal </subfield>
  </datafield>
  <datafield tag="952" ind1=" " ind2=" ">
    <subfield code="0">0</subfield>
    <subfield code="1">0</subfield>
    <subfield code="2">ddc</subfield>
    <subfield code="4">0</subfield>
    <subfield code="7">1</subfield>
    <subfield code="a">CSPC</subfield>
    <subfield code="b">CSPC</subfield>
    <subfield code="c">SER</subfield>
    <subfield code="d">2025-12-16</subfield>
    <subfield code="h">January/June 2008 Volume 78, Number 1</subfield>
    <subfield code="l">0</subfield>
    <subfield code="o">Ser NUR 40 v.78 n.1 2008</subfield>
    <subfield code="p">01435S</subfield>
    <subfield code="r">2025-12-16 13:08:33</subfield>
    <subfield code="t">2-7</subfield>
    <subfield code="w">2025-12-16</subfield>
    <subfield code="y">SERIALS</subfield>
    <subfield code="z">Journal </subfield>
  </datafield>
  <datafield tag="952" ind1=" " ind2=" ">
    <subfield code="0">0</subfield>
    <subfield code="1">0</subfield>
    <subfield code="2">ddc</subfield>
    <subfield code="4">0</subfield>
    <subfield code="7">1</subfield>
    <subfield code="a">CSPC</subfield>
    <subfield code="b">CSPC</subfield>
    <subfield code="c">SER</subfield>
    <subfield code="d">2025-12-16</subfield>
    <subfield code="h">January/June 2008 Volume 78, Number 1</subfield>
    <subfield code="l">0</subfield>
    <subfield code="o">Ser NUR 40 v.78 n.1 2008</subfield>
    <subfield code="p">01436S</subfield>
    <subfield code="r">2025-12-16 13:09:41</subfield>
    <subfield code="t">3-7</subfield>
    <subfield code="w">2025-12-16</subfield>
    <subfield code="y">SERIALS</subfield>
    <subfield code="z">Journal </subfield>
  </datafield>
  <datafield tag="952" ind1=" " ind2=" ">
    <subfield code="0">0</subfield>
    <subfield code="1">0</subfield>
    <subfield code="2">ddc</subfield>
    <subfield code="4">0</subfield>
    <subfield code="7">1</subfield>
    <subfield code="a">CSPC</subfield>
    <subfield code="b">CSPC</subfield>
    <subfield code="c">SER</subfield>
    <subfield code="d">2025-12-16</subfield>
    <subfield code="h">January/June 2008 Volume 78, Number 1</subfield>
    <subfield code="l">0</subfield>
    <subfield code="o">Ser NUR 40 v.78 n.1 2008</subfield>
    <subfield code="p">01437S</subfield>
    <subfield code="r">2025-12-16 13:11:04</subfield>
    <subfield code="t">4-7</subfield>
    <subfield code="w">2025-12-16</subfield>
    <subfield code="y">SERIALS</subfield>
    <subfield code="z">Journal </subfield>
  </datafield>
  <datafield tag="952" ind1=" " ind2=" ">
    <subfield code="0">0</subfield>
    <subfield code="1">0</subfield>
    <subfield code="2">ddc</subfield>
    <subfield code="4">0</subfield>
    <subfield code="7">1</subfield>
    <subfield code="a">CSPC</subfield>
    <subfield code="b">CSPC</subfield>
    <subfield code="c">SER</subfield>
    <subfield code="d">2025-12-16</subfield>
    <subfield code="h">January/June 2008 Volume 78, Number 1</subfield>
    <subfield code="l">0</subfield>
    <subfield code="o">Ser NUR 40 v.78 n.1 2008</subfield>
    <subfield code="p">01438S</subfield>
    <subfield code="r">2025-12-16 13:12:48</subfield>
    <subfield code="t">5-7</subfield>
    <subfield code="w">2025-12-16</subfield>
    <subfield code="y">SERIALS</subfield>
    <subfield code="z">Journal </subfield>
  </datafield>
  <datafield tag="952" ind1=" " ind2=" ">
    <subfield code="0">0</subfield>
    <subfield code="1">0</subfield>
    <subfield code="2">ddc</subfield>
    <subfield code="4">0</subfield>
    <subfield code="7">1</subfield>
    <subfield code="a">CSPC</subfield>
    <subfield code="b">CSPC</subfield>
    <subfield code="c">SER</subfield>
    <subfield code="d">2025-12-16</subfield>
    <subfield code="h">January/June 2008 Volume 78, Number 1</subfield>
    <subfield code="l">0</subfield>
    <subfield code="o">Ser NUR 40 v.78 n.1 2008</subfield>
    <subfield code="p">01439S</subfield>
    <subfield code="r">2025-12-16 13:16:16</subfield>
    <subfield code="t">6-7</subfield>
    <subfield code="w">2025-12-16</subfield>
    <subfield code="y">SERIALS</subfield>
    <subfield code="z">Journal </subfield>
  </datafield>
  <datafield tag="952" ind1=" " ind2=" ">
    <subfield code="0">0</subfield>
    <subfield code="1">0</subfield>
    <subfield code="2">ddc</subfield>
    <subfield code="4">0</subfield>
    <subfield code="7">1</subfield>
    <subfield code="a">CSPC</subfield>
    <subfield code="b">CSPC</subfield>
    <subfield code="c">SER</subfield>
    <subfield code="d">2025-12-16</subfield>
    <subfield code="h">January/June 2008 Volume 78, Number 1</subfield>
    <subfield code="l">0</subfield>
    <subfield code="o">Ser NUR 40 v.78 n.1 2008</subfield>
    <subfield code="p">01440S</subfield>
    <subfield code="r">2025-12-16 13:17:48</subfield>
    <subfield code="t">7-7</subfield>
    <subfield code="w">2025-12-16</subfield>
    <subfield code="y">SERIALS</subfield>
    <subfield code="z">Journal </subfield>
  </datafield>
  <datafield tag="999" ind1=" " ind2=" ">
    <subfield code="c">31259</subfield>
    <subfield code="d">31259</subfield>
  </datafield>
</record>
